| 000 | 00362nam a2200133Ia 4500 | ||
|---|---|---|---|
| 008 | 221021s9999||||xx |||||||||||||| ||und|| | ||
| 020 | _a0-07-251264-4 | ||
| 040 | _cChuka University Library | ||
| 050 |
_aQD 31.3 _b.C53 2005 |
||
| 100 |
_aChang Raymond and Brandson Cruickshank _91236 |
||
| 245 | 0 | _aChemistry | |
| 260 |
_aBoston _bMcGrawhill _c2005 |
||
| 942 | _cBK | ||
| 999 |
_c1188 _d1188 |
||